000 00549nam a2200229Ia 4500
003 OSt
005 20220916111036.0
006 a|||||r|||| 00| 0
007 ta
008 220915b |||||||| |||| 00| 0 eng d
024 _a126932
037 _cTextbook
040 _beng
_aARTS
_cARTS
041 _aeng
082 _aV682:21wM44, L2
100 _aDarkwah R H K
245 0 _aMenelik of Ethiopia
260 _c1972
650 _aHISTORY
942 _hV682:21wM44, L2
_cTB
_2CC
999 _c104297
_d104297